| 000 | 00510nam a22001817a 4500 | ||
|---|---|---|---|
| 003 | CEME | ||
| 005 | 20210628203834.0 | ||
| 008 | 210126b xxu||||| |||| 00| 0 eng d | ||
| 020 | _a0-619-03386-X | ||
| 040 | _c. | ||
| 082 | _a658.84 NAP | ||
| 100 |
_aNapier, H.Albert:Judd, Philip J:Rivers, Ollie N _967512 |
||
| 245 | _aCreating a winning e-business | ||
| 260 |
_aCANADA _bTHOMSON LEARNING _c2001 |
||
| 300 | _aXIX,420P | ||
| 650 |
_aE-BUSINESS.E-COMMERCE.ELECTRONIC COMMERCE. _958270 |
||
| 942 |
_cBK _2ddc |
||
| 999 |
_c575275 _d575275 |
||